|
|
|
|
| LEADER |
02424nam a2200541 4500 |
| 001 |
ocn183883048 |
| 003 |
OCoLC |
| 005 |
20180501122038.0 |
| 006 |
m o d |
| 007 |
cr cn||||||||| |
| 008 |
071214s2005 ne ab obe 001 0 eng d |
| 040 |
|
|
|a KNOVL
|b eng
|e pn
|c KNOVL
|d OCLCQ
|d UUS
|d OCLCQ
|d KNOVL
|d OCLCF
|d ZCU
|d KNOVL
|d NNY
|d OKU
|d DRB
|d GPM
|d NLGGC
|d Z@L
|d GGVRL
|d YDXCP
|d OCLCQ
|d NOC
|d OCLCQ
|d CSF
|d BUF
|d GrThAP
|
| 019 |
|
|
|a 61728951
|a 527355578
|a 944255955
|
| 020 |
|
|
|a 9781601193674
|q (electronic bk.)
|
| 020 |
|
|
|a 160119367X
|q (electronic bk.)
|
| 020 |
|
|
|a 9780123693969
|q (electronic bk.)
|
| 020 |
|
|
|a 0123693969
|q (electronic bk.)
|
| 020 |
|
|
|a 0126363803
|
| 020 |
|
|
|a 9780126363807
|
| 020 |
|
|
|a 9780080547916
|q (electronic book)
|
| 020 |
|
|
|a 0080547915
|q (electronic book)
|
| 035 |
|
|
|a (OCoLC)183883048
|z (OCoLC)61728951
|z (OCoLC)527355578
|z (OCoLC)944255955
|
| 050 |
|
4 |
|a QE5
|b .E516 2005eb
|
| 072 |
|
7 |
|a Q
|2 lcco
|
| 082 |
0 |
4 |
|a 551/.03
|2 22
|
| 084 |
|
|
|a 38.10
|2 bcl
|
| 049 |
|
|
|a TEFA
|
| 245 |
0 |
0 |
|a Encyclopedia of geology /
|c edited by Richard C. Selley, L. Robin M. Cocks, Ian R. Plimer.
|
| 260 |
|
|
|a Amsterdam ;
|a Boston :
|b Elsevier Academic,
|c ©2005.
|
| 300 |
|
|
|a 1 online resource (5 volumes) :
|b illustrations (some color), maps (some color)
|
| 336 |
|
|
|a text
|b txt
|2 rdacontent
|
| 337 |
|
|
|a computer
|b c
|2 rdamedia
|
| 338 |
|
|
|a online resource
|b cr
|2 rdacarrier
|
| 504 |
|
|
|a Includes bibliographical references and index.
|
| 505 |
0 |
|
|a v. 1. A-En -- v. 2. En-F -- v. 3. G-M -- v. 4. N-Se -- v. 5. Se-Z, Index.
|
| 588 |
0 |
|
|a Print version record.
|
| 520 |
|
|
|a Covers earth history, earth materials, surface processes, regional geology, economic geology, engineering geology, petroleum geology, geochemical and mineral exploration, the history of geology, and more.
|
| 650 |
|
0 |
|a Geology
|v Encyclopedias.
|
| 650 |
|
6 |
|a Géologie
|v Encyclopédies.
|
| 650 |
|
7 |
|a Geology.
|2 fast
|0 (OCoLC)fst00940627
|
| 650 |
1 |
7 |
|a Geologie.
|2 gtt
|
| 655 |
|
4 |
|a Electronic books.
|
| 655 |
|
7 |
|a Encyclopedias.
|2 fast
|0 (OCoLC)fst01423798
|
| 700 |
1 |
|
|a Selley, Richard C.,
|d 1939-
|
| 700 |
1 |
|
|a Cocks, L. R. M.
|q (Leonard Robert Morrison),
|d 1938-
|
| 700 |
1 |
|
|a Plimer, I. R.
|
| 776 |
0 |
8 |
|i Print version:
|t Encyclopedia of geology.
|d Amsterdam ; Boston : Elsevier Academic, ©2005
|z 0126363803
|w (OCoLC)56652213
|
| 856 |
4 |
0 |
|u https://www.sciencedirect.com/science/referenceworks/9780123693969
|z Full Text via HEAL-Link
|